[Event "Scarborough CC-ch"]
[Site "Toronto"]
[Date "2019.05.23"]
[Round "8.5"]
[White "Gao, Raymond"]
[Black "Hay, Jonathan"]
[Result "1/2-1/2"]
[WhiteElo "1833"]
[BlackElo "2051"]
[PlyCount "63"]
[EventDate "2019.04.04"]
[EventType "swiss"]
[EventRounds "8"]
[EventCountry "CAN"]
[SourceTitle "EXT 2022"]
[Source "ChessBase"]
[SourceDate "2021.10.06"]
[SourceVersion "1"]
[SourceVersionDate "2021.10.06"]
[SourceQuality "1"]

1. e4 c6 2. Nf3 d5 3. exd5 cxd5 4. Ne5 Nc6 5. Bb5 Bd7 6. Nxd7 Qxd7 7. d4 e6 8. 0-0 Bd6 9. c3 Nf6 10. Nd2 0-0 11. Re1 a6 12. Bd3 b5 13. Nf3 Rfc8 14. Bg5 Ne8 15. Ne5 Nxe5 16. dxe5 Be7 17. Bxe7 Qxe7 18. Re3 g6 19. Qd2 Qg5 20. a4 Rab8 21. axb5 axb5 22. h4 Qf4 23. h5 b4 24. hxg6 hxg6 25. Qe1 bxc3 26. bxc3 Ra8 27. Rxa8 Rxa8 28. Rf3 Qg5 29. c4 Rc8 30. Rg3 Qf4 31. Rf3 Qg5 32. Rg3 1/2-1/2

[Event "Scarborough CC-ch"]
[Site "Toronto"]
[Date "2019.04.25"]
[Round "4.1"]
[White "Palacios, Bobby"]
[Black "Hay, Jonathan"]
[Result "1/2-1/2"]
[WhiteElo "2066"]
[BlackElo "2051"]
[PlyCount "142"]
[EventDate "2019.04.04"]
[EventType "swiss"]
[EventRounds "8"]
[EventCountry "CAN"]
[SourceTitle "EXT 2022"]
[Source "ChessBase"]
[SourceDate "2021.10.06"]
[SourceVersion "1"]
[SourceVersionDate "2021.10.06"]
[SourceQuality "1"]

1. e4 c6 2. d4 d5 3. Nc3 dxe4 4. Nxe4 Bf5 5. Ng3 Bg6 6. N1e2 e6 7. h4 h6 8. Nf4 Bh7 9. Bc4 Nf6 10. Qe2 Qxd4 11. 0-0 Nbd7 12. Bxe6 fxe6 13. Nxe6 Qe5 14. Qxe5 Nxe5 15. Nc7+ Kd7 16. Nxa8 Bd6 17. Bf4 Rxa8 18. Rad1 Re8 19. b3 Bxc2 20. Rd2 Bh7 21. Rfd1 Nd5 22. Nh5 Re7 23. Bg3 Kc7 24. Rd4 Bg8 25. Kf1 Ng6 26. Bxd6+ Kxd6 27. Rg4 Bh7 28. Nxg7 Rxg7 29. h5 Rg8 30. hxg6 Bxg6 31. Rh4 h5 32. f3 Ke6 33. Kf2 Kf6 34. b4 a6 35. a4 Bf7 36. Rhd4 Rg5 37. g3 Re5 38. f4 Re6 39. Re1 Kf5 40. b5 axb5 41. axb5 Rxe1 42. Kxe1 cxb5 43. Rd2 b4 44. Re2 Kf6 45. Kd2 Bg6 46. Kc1 Bf5 47. Kb2 Be6 48. Re5 Bf7 49. Re1 b5 50. Re5 b3 51. Re1 Nb6 52. Ka3 Na4 53. Re5 Bc4 54. Rxh5 b2 55. Rh1 Bd3 56. Kb4 Nc3 57. Kxc3 b1Q 58. Rxb1 Bxb1 59. g4 Be4 60. Kd4 Bf3 61. Kc5 Be2 62. Kb4 Ke6 63. Kc5 Kd7 64. f5 Bf1 65. g5 Ke7 66. Kb4 Kd6 67. g6 Ke7 68. g7 Kf7 69. f6 Bc4 70. Kc5 Kg8 71. Kb4 Kf7 1/2-1/2

[Event "Kingston Easter U1600"]
[Site "Kingston"]
[Date "2019.04.21"]
[Round "6.47"]
[White "Hay, Jonathan"]
[Black "De Leon, Rut Jurry"]
[Result "1-0"]
[WhiteElo "1075"]
[BlackElo "1063"]
[PlyCount "65"]
[EventDate "2019.04.18"]
[EventType "swiss"]
[EventRounds "9"]
[EventCountry "CAN"]
[SourceTitle "EXT 2022"]
[Source "ChessBase"]
[SourceDate "2021.10.06"]
[SourceVersion "1"]
[SourceVersionDate "2021.10.06"]
[SourceQuality "1"]

1. e4 g6 2. Nf3 Bg7 3. c3 d6 4. d4 Nd7 5. Be3 e5 6. d5 Ngf6 7. Nbd2 0-0 8. Bd3 b6 9. c4 Ba6 10. b4 Ng4 11. Nf1 Nxe3 12. Nxe3 Bb7 13. 0-0 c6 14. Rc1 Re8 15. Bc2 Nf6 16. Qd3 b5 17. a4 bxc4 18. Qxc4 cxd5 19. Nxd5 Nxd5 20. exd5 Qc8 21. Qb3 Qd8 22. Rfe1 Rc8 23. Red1 Qc7 24. h4 Qc3 25. Qb1 Qc7 26. Bxg6 Qd7 27. Bxh7+ Kh8 28. Rxc8 Bxc8 29. Bc2 Qg4 30. Re1 Bb7 31. Re4 Qd7 32. Qd1 Qc7 33. Qd3 1-0

[Event "Scarborough CC-ch"]
[Site "Toronto"]
[Date "2018.05.17"]
[Round "7"]
[White "Li, William"]
[Black "Hay, Jonathan"]
[Result "1-0"]
[WhiteElo "1900"]
[BlackElo "1769"]
[PlyCount "47"]
[EventDate "2018.04.05"]
[EventType "swiss"]
[EventRounds "8"]
[EventCountry "CAN"]
[SourceTitle "EXT 2024"]
[Source "ChessBase"]
[SourceDate "2023.10.10"]
[SourceVersion "1"]
[SourceVersionDate "2023.10.10"]
[SourceQuality "1"]

1. e4 c6 2. Nc3 d5 3. Nf3 Nf6 4. e5 Ne4 5. d4 Bg4 6. Be2 e6 7. 0-0 Be7 8. Be3 c5 9. dxc5 Nxc5 10. Nd4 Bxe2 11. Qxe2 Nc6 12. f4 g6 13. Rad1 Nd7 14. f5 Nxd4 15. Bxd4 Bc5 16. Bxc5 Nxc5 17. fxe6 fxe6 18. Qb5+ Nd7 19. Rf6 Qe7 20. Ne4 dxe4 21. Rxd7 Qxd7 22. Rxe6+ Kd8 23. Rd6 Qxd6 24. exd6 1-0

[Event "Scarborough CC Howard Ridout"]
[Site "Toronto"]
[Date "2017.10.26"]
[Round "7.5"]
[White "Hay, Jonathan"]
[Black "Qiao, Cindy"]
[Result "1-0"]
[WhiteElo "1710"]
[BlackElo "1887"]
[PlyCount "43"]
[EventDate "2017.09.14"]
[EventType "swiss"]
[EventRounds "7"]
[EventCountry "CAN"]
[SourceTitle "EXT 2022"]
[Source "ChessBase"]
[SourceDate "2021.10.06"]
[SourceVersion "1"]
[SourceVersionDate "2021.10.06"]
[SourceQuality "1"]

1. d4 d5 2. Bf4 Nf6 3. e3 e6 4. Nd2 Be7 5. Ngf3 0-0 6. Bd3 Nbd7 7. h4 c5 8. c3 Re8 9. Ne5 Nxe5 10. dxe5 Nd7 11. Qh5 g6 12. Qf3 Qc7 13. Qg3 Nf8 14. h5 Rd8 15. Nf3 Bd7 16. hxg6 fxg6 17. Ng5 Bxg5 18. Bxg5 Rdc8 19. Bf6 Be8 20. Qh4 Qf7 21. Rh3 Nd7 22. Bxg6 1-0